Statistics for RuPaul's Drag Race Trivia #1

Click here to take the quiz!

General Stats

  • This quiz has been taken 3,388 times
  • The average score is 10 of 15

Answer Stats

HintAnswer% Correct
How many main challenges did Sharon Needles win en route to winning RPDR?4
96%
Known for her rivalry with Coco Montrese.Alyssa Edwards
94%
Vomited on the main stage before being disqualified.Willam Belli
89%
The first season to feature a lip sync that didn't result in an elimination.Season 3 (Yara Sofia and Carmen Carrera)
88%
The only queen to have passed away since her time on drag race.Sahara Davenport
80%
Chad Michaels won All Stars, making him the oldest winner in herstory, how old was he when he took the crown?41
79%
The first double elimination was in season 5 with Vivienne Pinay and what other queen?Honey Mahogany
69%
Was picked up by Mimi Imfurst during a lip sync.India Ferrah
67%
Had 'bacon' on her chest according to the judges.Kelly Mantle
64%
Who did Pearl portray in Snatch Game?Big Ang
61%
The only queen to finish in the top 3 without winning a main challenge.Jujubee
56%
The only winner of the 'Miss Congeniality' to finish in the top 3 of her season.Nina Flowers
56%
The first queen to come out as transgender, following her appearance on drag race.Sonique
52%
The only winner of the 'Miss Congeniality ' title to have never won a main challenge.Pandora Boxx
50%
Did the first split during a lip sync in drag race herstory.Jade Sotomayor
28%

Score Distribution

Percentile by Number Answered

Percent of People with Each Score

Your Score History

You have not taken this quiz